| 000 | 00734nam a2200193Ia 4500 | ||
|---|---|---|---|
| 003 | IN-BaIIA | ||
| 008 | 211028s9999 xx 000 0 eng d | ||
| 040 | _cIIA Library | ||
| 080 |
_a6.09 _bBHA |
||
| 245 | 0 |
_aProf.Srinivasa Ramanujan commemoration _ccompiled by Swaminatha Subramani Aiyer; edited by Ramananda Bharathi |
|
| 260 |
_aMadras _bThe Professor Srinivasa Ramanujan,International Memorial Committee _c1974 |
||
| 300 | _a[various pagings.] | ||
| 650 |
_a Biography-Srinivasa Ramanujan _98295 |
||
| 650 |
_a Srinivasa Ramanujan Biography _98296 |
||
| 650 |
_aAstronomy and Astrophysics Thesaurus _91143 |
||
| 700 |
_aAiyer, Swaminatha Subramani., comp. _98297 |
||
| 700 |
_aBharathi, Ramananda., ed. _98298 |
||
| 942 | _cBK | ||
| 999 |
_c4685 _d4685 |
||